NASCAR Cup Winners at Atlanta Motor Speedway - Statistics

General Stats
  • This quiz has been taken 979 times
    207 since last reset
  • The average score is 85 of 121
Answer Stats
Year Winner % Correct
1980 | 1984 | 1986 | +6 others Dale Earnhardt
94%
2004 Dale Earnhardt Jr
93%
2001 | 2018 | 2020 Kevin Harvick
93%
2022 Chase Elliott
92%
1966 | 1970 | 1971 | +3 others Richard Petty
91%
1985 | 1987 | 1992 Bill Elliott
90%
2002 | 2009 | 2010 | 2021 Kurt Busch
90%
2008 | 2013 Kyle Busch
90%
1995 | 1998 | 1999 | +2 others Jeff Gordon
89%
2023 | 2024 Joey Logano
89%
2004 | 2007 | 2015 | 2016 Jimmie Johnson
88%
2025 Christopher Bell
83%
1963 Junior Johnson
83%
1960 Bobby Johns
82%
2017 | 2019 Brad Keselowski
80%
1970 | 1972 | 1978 | 1982 Bobby Allison
79%
1977 | 1982 | 1989 Darrell Waltrip
79%
2012 Denny Hamlin
79%
2022 | 2023 William Byron
79%
1967 | 1968 | 1969 | +4 others Cale Yarborough
78%
2021 Ryan Blaney
78%
1996 | 1997 | 1998 | +3 others Bobby Labonte
76%
2005 | 2008 Carl Edwards
75%
1978 Donnie Allison
74%
2006 | 2009 | 2014 Kasey Kahne
72%
1961 | 1973 | 1976 David Pearson
71%
2002 | 2006 | 2010 Tony Stewart
71%
1991 | 1994 Mark Martin
70%
1997 Dale Jarrett
67%
1988 | 1993 Rusty Wallace
66%
2024 Daniel Suarez
64%
1968 | 1969 LeeRoy Yarbrough
63%
1964 Ned Jarrett
63%
1975 | 1979 Buddy Baker
51%
1984 Benny Parsons
43%
1960 Fireball Roberts
38%
1994 Ernie Irvan
37%
1987 Ricky Rudd
37%
1962 | 1963 | 1964 Fred Lorenzen
32%
1979 | 1981 | 1983 Neil Bonnett
30%
1991 Ken Schrader
26%
1962 Rex White
25%
2000 Jerry Nadeau
23%
1971 AJ Foyt
22%
1986 | 1990 | 1993 Morgan Shepherd
19%
1965 Marvin Panch
15%
1976 Dave Marcis
7%
1961 Bob Burdick
3%
1967 Dick Hutcherson
3%
1966 Jim Hurtubise
1%
No matching quizzes found
Score Distribution
Percent of People with Each Score
Percentile by Number Answered
Your Score History
You have not taken this quiz since the last reset